La théologie du corps: une tradition ancienne et nouvelle pour comprendre le corps de l'humanité (Record n. 360047)
[ formato base ]
| 000 -LEADER | |
|---|---|
| campo di controllo lung. fissa | 00660nam a22002297a 4500 |
| 003 - Identificatore del numero di controllo | |
| campo di controllo | IT-MiCISF |
| 005 - Data e orario dell'ultima transazione | |
| campo di controllo | 20240418125242.0 |
| 008 - Elementi di lunghezza fissa--Informazione generale | |
| campo di controllo lung. fissa | 240418b |||||||| |||| 00| 0 eng d |
| 022 ## - ISSN (International Standard Serial Number) | |
| ISSN (International Standard Serial Number) | 0029-4845 |
| 040 ## - Fonte della catalogazione | |
| Agenzia che fa la trascrizione | IT-MiCISF |
| 041 ## - Codice di lingua | |
| Codice di lingua del testo/traccia sonora o titolo separato | fr |
| 100 ## - Accesso principale -- nome di persona | |
| Nome di persona | Calmeyn Marie-Laetitia |
| 9 (RLIN) | 57724 |
| 245 ## - Formulazione del titolo | |
| Titolo | La théologie du corps: une tradition ancienne et nouvelle pour comprendre le corps de l'humanité |
| 250 ## - Formulazione di edizione | |
| Formulazione di edizione | "Nuovelle revue théologique", n. 1, gennaio-marzo |
| 260 ## - Pubblicazione, distribuzione, ecc. (stampa) | |
| Data di pubblicazione, distribuzione, ecc. | 2024 |
| 300 ## - Descrizione fisica | |
| Estensione | pp. 52-69 |
| 310 ## - Periodicità corrente della pubblicazione | |
| Periodicità corrente della pubblicazione | trimestrale |
| 500 ## - Nota generale | |
| Nota generale | persona, corpo, teologia, magistero |
| 650 ## - Accesso aggiunto di soggetto--termine topico | |
| Termine topico o nome geografico come accesso | Persona |
| 654 ## - Accesso aggiunto di soggetto--termini topici faccettati | |
| Termine principale | articolo |
| 942 ## - Dati aggiuntivi (Koha) | |
| Fonte della classificazione o dello schema di collocazione (segnatura) | Dewey Decimal Classification |
| Tipo copia default (Koha) | RIVISTA |
| Ritirato (status) | Perso (status) | Fonte della classificazione o dello schema di collocazione (segnatura) | Danneggiato (status) | Non per il presito | Biblioteca proprietaria | Biblioteca in cui si trova | Data d'acquisizione | Totale prestiti | Collocazione | Data ultima operazione | Prezzo in vigore dal | Tipo copia default (Koha) |
|---|---|---|---|---|---|---|---|---|---|---|---|---|
| Dewey Decimal Classification | Buone Condizioni | Not For Loan | CISF - Milano | CISF - Milano | 18/04/2024 | A10/R151 | 18/04/2024 | 18/04/2024 | RIVISTA |